La fábrica de nubes y otros cuentos.

Đã lưu trong:
Chi tiết về thư mục
Tác giả chính: Budge Espejo, María Carolina (autora)
Tác giả khác: Glavich, Mónica (ilustraciones)
Định dạng: Sách
Được phát hành: Valparaíso, Chile Ediciones Universitarias de Valparaíso, 2012.
Những chủ đề:
Các nhãn: Thêm thẻ
Không có thẻ, Là người đầu tiên thẻ bản ghi này!

MARC

LEADER 00000cam a2200000 a 4500
001 UCF1386
003 CL-VaPUC
005 20250313123759.0
008 221005t2012 ||||| |||| 00| 0 eng d
999 |c 348193  |d 348191 
020 |a 978-956-17-0508-1 
040 |c Pontificia Universidad Católica de Valparaíso 
082 0 4 |a 808.068 BUD 2012  |2 22 
100 1 |a Budge Espejo, María Carolina  |9 562928  |e autora 
245 1 3 |a La fábrica de nubes y otros cuentos. 
260 0 3 |a Valparaíso, Chile  |b Ediciones Universitarias de Valparaíso,  |c 2012. 
300 |a 83 páginas, ilustraciones. 
500 |a c.2. Donación Rector saliente Claudio Elortegui, Julio 2022. Sin memo. Ingresado Octubre 2022. 
583 |a last modification  |c 20120629 12:35:00  |k Rodrigo Vera 
650 1 |a Literatura infantil   |9 307465  |x Cuentos 
700 |a Glavich, Mónica  |e ilustraciones  |9 877386 
942 |c BK  |2 ddc 
945 |d 20120629 00:00:00  |a dcastane 
952 |0 0  |1 0  |2 ddc  |4 0  |6 9_000000000000000_BUD_2012  |7 0  |8 C  |9 450115  |a BIBCUR  |b BIBCUR  |d 2019-11-22  |i 4879570  |l 1  |o 9 BUD 2012  |p 4879570  |r 2025-04-22  |s 2023-11-16  |t 1  |w 2019-11-22  |y BK  |k CAC 
952 |0 0  |1 0  |2 ddc  |4 0  |6 808_068000000000000_BUD_2012  |7 0  |8 A  |9 587068  |a BIBEDU  |b BIBEDU  |c GEN  |d 2022-10-05  |e Donación  |i 5655008  |l 1  |m 2  |o 808.068 BUD 2012  |p 5655008  |r 2024-07-12  |s 2024-06-25  |t 2  |w 2022-10-05  |y BK  |k EPE 
952 |0 0  |1 0  |2 ddc  |4 0  |6 808_068000000000000_BUD_2012  |7 0  |8 A  |9 596907  |a BIBGIM  |b BIBGIM  |d 2024-09-23  |i 5662809  |o 808.068 BUD 2012  |p 5662809  |r 2025-01-15  |t 3  |w 2024-09-23  |y BK  |k ELE